000 01276nam a2200241Ia 4500
003 Ost
005 20260507075240.0
008 260507s9999||||xx |||||||||||||| ||und||
040 _cfsecg
041 _aara
082 _a330
100 _aالسالم، مؤيد سعيد
_eمؤلف
245 0 _aالقوة التنظيمية :
_bبين النظرية و التطبيق /
_c مؤيد سعيد السالم
260 _aعمان:
_bاثراء,
_c2009
300 _a263 صفحة؛
_bإيضاحات ؛
_c24 سم
504 _aمراجع : لكل فصل مرجع
520 _aمقدمة في القوة التنظيمية ، العلاقة بين القوة و السلطة و التأثير ، البعد العمودي و الأفقي للقوة التنظيمية ، النتائج التنظيمية و السلوكية لهيكل القوة (الصراع التنظيمي) ، الاغتراب التنظيمي ، السلوك السياسي في المنظمة ، القوة التنظيمية في الادارة الاستراتيجية ، دراسات عربية في مجال القوة التنظيمية .
653 _aالإدارة
653 _aالتنظيم
653 _aالمنظمات
653 _aتنظيم وإدارة
942 _cكتاب
999 _c43617
_d43617